Wasiat
| Main Author: | |
|---|---|
| Other Authors: | |
| Format: | Book |
| Published: |
Kuala Lumpur :
Creative Enterprise ,
1992
|
| Series: | Novel creative
|
MARC
| LEADER | 00000cam a2200000 7i4500 | ||
|---|---|---|---|
| 001 | 0000003518 | ||
| 002 | 000003788 | ||
| 005 | 20000330.0 | ||
| 020 | |a 9679987809 | ||
| 090 | 0 | 0 | |a F |b MUH |
| 100 | 0 | |a Muhd Mansur Abdullah | |
| 245 | 1 | 0 | |a Wasiat |c Muhd Mansur Abdullah |
| 260 | |a Kuala Lumpur : |b Creative Enterprise , |c 1992 | ||
| 300 | |a 103p. ; |c 18cm. | ||
| 490 | 0 | |a Novel creative | |
| 700 | 0 | |a Zainal Buang Hussian | |
| 999 | |a 031929 |b BUKU |c PINJAMAN |e PERPUSTAKAAN KOMUNITI PETALING JAYA | ||
| 999 | |a 031931 |b BUKU |c PINJAMAN |e PERPUSTAKAAN KOMUNITI PETALING JAYA | ||